MAASAI MARA UNIVERSITY

LIBRARY CATALOGUE

Contact Us: +254 020 2685356/7 or 0774 057787

Box: 861-20500, NAROK, KENYA

Email: info@mmarau.ac.ke

Research methods in anthropology : (Record no. 16466)

MARC details
000 -LEADER
fixed length control field 00988pam a2200277 a 4500
001 - CONTROL NUMBER
control field 3944217
003 - CONTROL NUMBER IDENTIFIER
control field OSt
005 - DATE AND TIME OF LATEST TRANSACTION
control field 20211122080604.0
008 - FIXED-LENGTH DATA ELEMENTS--GENERAL INFORMATION
fixed length control field 931115s1994 cau b 001 0 eng
010 ## - LIBRARY OF CONGRESS CONTROL NUMBER
LC control number 93043670
020 ## - INTERNATIONAL STANDARD BOOK NUMBER
International Standard Book Number 0803952449
020 ## - INTERNATIONAL STANDARD BOOK NUMBER
International Standard Book Number 0803952457 (pbk.)
040 ## - CATALOGING SOURCE
Transcribing agency MMU
Modifying agency MMU
Language of cataloging eng
Original cataloging agency MMU
050 00 - LIBRARY OF CONGRESS CALL NUMBER
Classification number GN345
Item number .B36 1994
082 00 - DEWEY DECIMAL CLASSIFICATION NUMBER
Classification number 306/.072
Edition number 20
100 1# - MAIN ENTRY--PERSONAL NAME
Personal name Bernard, H. Russell
Fuller form of name (Harvey Russell),
Dates associated with a name 1940-
245 10 - TITLE STATEMENT
Title Research methods in anthropology :
Remainder of title qualitative and quantitative approaches /
Statement of responsibility, etc. H. Russell Bernard.
250 ## - EDITION STATEMENT
Edition statement 2nd ed.
260 ## - PUBLICATION, DISTRIBUTION, ETC. (IMPRINT)
Place of publication, distribution, etc. Thousand Oaks, CA :
Name of publisher, distributor, etc. Sage Publications,
Date of publication, distribution, etc. c1994.
300 ## - PHYSICAL DESCRIPTION
Extent xii, 585 p. ;
Dimensions 24 cm.
504 ## - BIBLIOGRAPHY, ETC. NOTE
Bibliography, etc Includes bibliographical references (p. 538-564) and index.
650 #0 - SUBJECT ADDED ENTRY--TOPICAL TERM
Topical term or geographic name as entry element Ethnology
General subdivision Methodology.
906 ## - LOCAL DATA ELEMENT F, LDF (RLIN)
a 7
b cbc
c orignew
d 1
e ocip
f 19
g y-gencatlg
942 ## - ADDED ENTRY ELEMENTS (KOHA)
Source of classification or shelving scheme Library of Congress Classification
Koha item type SL
Holdings
Withdrawn status Lost status Source of classification or shelving scheme Damaged status Not for loan Home library Current library Date acquired Source of acquisition Total Checkouts Full call number Barcode Date last seen Price effective from Koha item type
    Library of Congress Classification     Maasai Mara University Library -Main Campus Maasai Mara University Library -Main Campus 02/15/2016 Donation   GN345 B36 1994 20129681 02/15/2016 02/15/2016 SL
© 2016 Maasai Mara University.